000 00397nam a2200157Ia 4500
008 240729s9999 xx 000 0 und d
022 _a2054-2704
245 0 _aJRSM Open
260 _aUnited Kingdom
260 _bSAGE Publishing
650 _a Medicine (General)
650 _aMedicine
856 _uhttps://doaj.org/toc/a1f79c5069e94c0595d3fc6f9c72b4cf
942 _2ddc
942 _cDOAJEJ
999 _c67812
_d67812
945 _a1
_bMadushi Gamage
_c1
_dMadushi Gamage